<?xml version="1.0" encoding="UTF-8"?><marc:collection xmlns:marc="http://www.loc.gov/MARC21/slim">
  <marc:record>
    <marc:leader>02987nas a2200589 c 4500</marc:leader>
    <marc:controlfield tag="001">010056629</marc:controlfield>
    <marc:controlfield tag="003">DE-101</marc:controlfield>
    <marc:controlfield tag="005">20230413192607.0</marc:controlfield>
    <marc:controlfield tag="007">tu</marc:controlfield>
    <marc:controlfield tag="007">hu uuu000uuau</marc:controlfield>
    <marc:controlfield tag="007">hd bfa000bbau</marc:controlfield>
    <marc:controlfield tag="008">991118d18171944xx u||p   ||| 0||||1ger c</marc:controlfield>
    <marc:datafield tag="015" ind1=" " ind2=" ">
      <marc:subfield code="a">10,A20</marc:subfield>
      <marc:subfield code="2">dnb</marc:subfield>
    </marc:datafield>
    <marc:datafield tag="016" ind1="7" ind2=" ">
      <marc:subfield code="2">DE-600</marc:subfield>
      <marc:subfield code="a">3779-5</marc:subfield>
    </marc:datafield>
    <marc:datafield tag="016" ind1="7" ind2=" ">
      <marc:subfield code="2">DE-101</marc:subfield>
      <marc:subfield code="a">010056629</marc:subfield>
    </marc:datafield>
    <marc:datafield tag="035" ind1=" " ind2=" ">
      <marc:subfield code="a">(DE-599)ZDB3779-5</marc:subfield>
    </marc:datafield>
    <marc:datafield tag="035" ind1=" " ind2=" ">
      <marc:subfield code="a">(OCoLC)643911411</marc:subfield>
    </marc:datafield>
    <marc:datafield tag="040" ind1=" " ind2=" ">
      <marc:subfield code="a">9001</marc:subfield>
      <marc:subfield code="b">ger</marc:subfield>
      <marc:subfield code="c">DE-101</marc:subfield>
      <marc:subfield code="d">9999</marc:subfield>
    </marc:datafield>
    <marc:datafield tag="041" ind1=" " ind2=" ">
      <marc:subfield code="a">ger</marc:subfield>
    </marc:datafield>
    <marc:datafield tag="042" ind1=" " ind2=" ">
      <marc:subfield code="a">zdb</marc:subfield>
    </marc:datafield>
    <marc:datafield tag="044" ind1=" " ind2=" ">
      <marc:subfield code="c">XA-DXDE</marc:subfield>
    </marc:datafield>
    <marc:datafield tag="082" ind1="7" ind2="4">
      <marc:subfield code="a">350</marc:subfield>
      <marc:subfield code="q">DE-101</marc:subfield>
      <marc:subfield code="2">22sdnb</marc:subfield>
    </marc:datafield>
    <marc:datafield tag="083" ind1="7" ind2=" ">
      <marc:subfield code="a">350</marc:subfield>
      <marc:subfield code="q">DE-600</marc:subfield>
      <marc:subfield code="2">22sdnb</marc:subfield>
    </marc:datafield>
    <marc:datafield tag="090" ind1=" " ind2=" ">
      <marc:subfield code="n">sm</marc:subfield>
    </marc:datafield>
    <marc:datafield tag="110" ind1="1" ind2=" ">
      <marc:subfield code="0">(DE-588)44525-3</marc:subfield>
      <marc:subfield code="0">https://d-nb.info/gnd/44525-3</marc:subfield>
      <marc:subfield code="0">(DE-101)000445258</marc:subfield>
      <marc:subfield code="a">Regierungsbezirk Stettin</marc:subfield>
      <marc:subfield code="e">Verfasser</marc:subfield>
      <marc:subfield code="4">aut</marc:subfield>
      <marc:subfield code="2">gnd</marc:subfield>
    </marc:datafield>
    <marc:datafield tag="245" ind1="1" ind2="0">
      <marc:subfield code="a">Amtsblatt der Regierung in Stettin</marc:subfield>
      <marc:subfield code="n">[...]</marc:subfield>
      <marc:subfield code="p">Öffentlicher Anzeiger</marc:subfield>
    </marc:datafield>
    <marc:datafield tag="246" ind1="1" ind2="3">
      <marc:subfield code="a">Amtsblatt der Regierung in Stettin / Öffentlicher Anzeiger</marc:subfield>
    </marc:datafield>
    <marc:datafield tag="247" ind1="0" ind2="0">
      <marc:subfield code="a">Amtsblatt der Königlichen Regierung zu Stettin</marc:subfield>
      <marc:subfield code="f">Hauptsacht. teils</marc:subfield>
    </marc:datafield>
    <marc:datafield tag="247" ind1="0" ind2="0">
      <marc:subfield code="a">Amtsblatt der Königl. Preußischen Regierung zu Stettin</marc:subfield>
      <marc:subfield code="f">Hauptsacht. teils</marc:subfield>
    </marc:datafield>
    <marc:datafield tag="247" ind1="0" ind2="0">
      <marc:subfield code="a">Amtsblatt der Preußischen Regierung zu Stettin</marc:subfield>
      <marc:subfield code="f">Hauptsacht. teils</marc:subfield>
    </marc:datafield>
    <marc:datafield tag="247" ind1="0" ind2="0">
      <marc:subfield code="a">Amtsblatt der Preußischen Regierung in Stettin</marc:subfield>
      <marc:subfield code="f">Hauptsacht. teils</marc:subfield>
    </marc:datafield>
    <marc:datafield tag="247" ind1="0" ind2="0">
      <marc:subfield code="a">Amtsblatt der Regierung zu Stettin</marc:subfield>
      <marc:subfield code="f">Hauptsacht. d. Mikrofiche-Ausg.</marc:subfield>
    </marc:datafield>
    <marc:datafield tag="247" ind1="0" ind2="0">
      <marc:subfield code="a">Nebst Öffentl. Anzeiger</marc:subfield>
      <marc:subfield code="f">Zusatz d. Mikrofiche-Ausg.</marc:subfield>
    </marc:datafield>
    <marc:datafield tag="247" ind1="0" ind2="0">
      <marc:subfield code="a">Amtsblatt der Königlichen Regierung zu Stettin</marc:subfield>
      <marc:subfield code="f">Hauptsacht. d. Mikrofiche-Ausg. auf dem Behältnis</marc:subfield>
    </marc:datafield>
    <marc:datafield tag="264" ind1="3" ind2="1">
      <marc:subfield code="a">Stettin</marc:subfield>
      <marc:subfield code="b">Preuß. Regierung in Stettin</marc:subfield>
      <marc:subfield code="c">1817-1944</marc:subfield>
    </marc:datafield>
    <marc:datafield tag="336" ind1=" " ind2=" ">
      <marc:subfield code="a">Text</marc:subfield>
      <marc:subfield code="b">txt</marc:subfield>
      <marc:subfield code="2">rdacontent</marc:subfield>
    </marc:datafield>
    <marc:datafield tag="337" ind1=" " ind2=" ">
      <marc:subfield code="a">Mikroform</marc:subfield>
      <marc:subfield code="b">h</marc:subfield>
      <marc:subfield code="2">rdamedia</marc:subfield>
    </marc:datafield>
    <marc:datafield tag="337" ind1=" " ind2=" ">
      <marc:subfield code="a">ohne Hilfsmittel zu benutzen</marc:subfield>
      <marc:subfield code="b">n</marc:subfield>
      <marc:subfield code="2">rdamedia</marc:subfield>
    </marc:datafield>
    <marc:datafield tag="338" ind1=" " ind2=" ">
      <marc:subfield code="a">Mikrofilmrolle</marc:subfield>
      <marc:subfield code="b">hj</marc:subfield>
      <marc:subfield code="2">rdacarrier</marc:subfield>
    </marc:datafield>
    <marc:datafield tag="338" ind1=" " ind2=" ">
      <marc:subfield code="a">Sonstige Mikroformen</marc:subfield>
      <marc:subfield code="b">hz</marc:subfield>
      <marc:subfield code="2">rdacarrier</marc:subfield>
    </marc:datafield>
    <marc:datafield tag="338" ind1=" " ind2=" ">
      <marc:subfield code="a">Band</marc:subfield>
      <marc:subfield code="b">nc</marc:subfield>
      <marc:subfield code="2">rdacarrier</marc:subfield>
    </marc:datafield>
    <marc:datafield tag="362" ind1="0" ind2=" ">
      <marc:subfield code="a">1817,10 - 1944[?]</marc:subfield>
    </marc:datafield>
    <marc:datafield tag="363" ind1="0" ind2="0">
      <marc:subfield code="8">1.1\x</marc:subfield>
      <marc:subfield code="b">10</marc:subfield>
      <marc:subfield code="i">1817</marc:subfield>
    </marc:datafield>
    <marc:datafield tag="363" ind1="1" ind2="0">
      <marc:subfield code="8">1.2\x</marc:subfield>
      <marc:subfield code="i">1944</marc:subfield>
    </marc:datafield>
    <marc:datafield tag="530" ind1=" " ind2=" ">
      <marc:subfield code="a">Mikrofiche-Ausg.: Berlin : Staatsbibliothek zu Berlin. - Mikrofiche-Ausg.: Hildesheim : Olms Neue Medien, 2003. (Die preussischen Regierungsamtsblätter). - Mikrofilm-Ausg.: Berlin : Staatsbibliothek zu Berlin. - Mikrofilm-Ausg.: Szczecin : Ksia̜żnica Pomorska, 2000</marc:subfield>
    </marc:datafield>
    <marc:datafield tag="533" ind1=" " ind2=" ">
      <marc:subfield code="7">d20032003</marc:subfield>
      <marc:subfield code="a">Mikrofiche-Ausg.</marc:subfield>
      <marc:subfield code="b">Berlin</marc:subfield>
      <marc:subfield code="c">Staatsbibliothek zu Berlin</marc:subfield>
      <marc:subfield code="b">[Hildesheim]</marc:subfield>
      <marc:subfield code="c">Olms Neue Medien</marc:subfield>
      <marc:subfield code="b">Szczecin</marc:subfield>
      <marc:subfield code="c">Ksia̜żnica Pomorska</marc:subfield>
      <marc:subfield code="f">Die preussischen Regierungsamtsblätter</marc:subfield>
    </marc:datafield>
    <marc:datafield tag="655" ind1=" " ind2="7">
      <marc:subfield code="0">(DE-588)4067488-5</marc:subfield>
      <marc:subfield code="0">https://d-nb.info/gnd/4067488-5</marc:subfield>
      <marc:subfield code="0">(DE-101)040674886</marc:subfield>
      <marc:subfield code="a">Zeitschrift</marc:subfield>
      <marc:subfield code="2">gnd-content</marc:subfield>
    </marc:datafield>
    <marc:datafield tag="772" ind1="0" ind2="8">
      <marc:subfield code="i">Supplement zu</marc:subfield>
      <marc:subfield code="a">Regierungsbezirk Stettin</marc:subfield>
      <marc:subfield code="t">Amtsblatt der Regierung in Stettin</marc:subfield>
      <marc:subfield code="d">Stettin : Regierung in Stettin, 1817-1945</marc:subfield>
      <marc:subfield code="w">(DE-600)3777-1</marc:subfield>
      <marc:subfield code="w">(DE-101)010056580</marc:subfield>
    </marc:datafield>
    <marc:datafield tag="780" ind1="0" ind2="0">
      <marc:subfield code="i">Vorg.:</marc:subfield>
      <marc:subfield code="a">Pommern / Regierung</marc:subfield>
      <marc:subfield code="t">Amts-Blatt der Königlichen Regierung von Pommern / Öffentlicher Anzeiger. Öffentlicher Anzeiger</marc:subfield>
      <marc:subfield code="d">Stargard : Königl. Preuss. Regierung von Pommern, 1811-1817</marc:subfield>
      <marc:subfield code="w">(DE-600)1094210-5</marc:subfield>
      <marc:subfield code="w">(DE-101)016246586</marc:subfield>
    </marc:datafield>
    <marc:datafield tag="850" ind1=" " ind2=" ">
      <marc:subfield code="a">DE-101a</marc:subfield>
      <marc:subfield code="a">DE-101b</marc:subfield>
    </marc:datafield>
    <marc:datafield tag="925" ind1="r" ind2=" ">
      <marc:subfield code="a">ra</marc:subfield>
    </marc:datafield>
    <marc:datafield tag="930" ind1=" " ind2=" ">
      <marc:subfield code="a">Öffentlicher Anzeiger</marc:subfield>
    </marc:datafield>
  </marc:record>
</marc:collection>
